| 000 | 00554nam a2200193 a 4500 | ||
|---|---|---|---|
| 001 | 000026629 | ||
| 005 | 20200930030325.0 | ||
| 008 | 110324s2006 sp d 000 0 spa d | ||
| 020 | _a8467023147 | ||
| 040 |
_aDO-SdBNP _bspa _cBNPHU |
||
| 082 |
_aR 463 _bD545e |
||
| 245 | 0 | 0 | _aDiccionario esencial de la lengua española. |
| 260 |
_aMadrid : _bEspasa Calpe, _c2006. |
||
| 300 |
_a1631 ; _c25 cm. |
||
| 650 | 4 |
_aEspañol _xDiccionarios _912078 |
|
| 710 | 2 |
_aReal Academia Española _953734 |
|
| 910 | _aValidado. Control de calidad MFF | ||
| 049 | _aBNPD | ||
| 999 |
_c26121 _d26121 |
||